000 00452cam a2200181ua 4500
020 _c2.00
041 _aeng
_h
082 _a923.2
_bKAL/ST
100 _aKalelkar, Kakasaheb .
245 _aStray glimpses of Bapu /
_cKakasaheb Kalelkar.
_hTextual Documents
250 _a2 /
_b.
260 _aAhmadabad :
_bNavajivan publishing house ,
_c1950.
300 _a166 ; .
365 _a2.00
504 _a
942 _cBK
999 _c6149
_d6149